000 00351cam a2200145 4500
008 040914n2005 000 0 eng u
020 _a063202156X
035 _a(Sirsi) u127364
100 _aFurmston, M.
245 _aConstruction contracts
260 _aBlackwells
_c2005
350 _a59.50
520 _aDue for publication 2005
942 _n0
999 _c103758
_d103758